Fourier analysis

Αποθηκεύτηκε σε:
Λεπτομέρειες βιβλιογραφικής εγγραφής
Κύριος συγγραφέας: Duoandikoetxea Zuazo, Javier
Άλλοι συγγραφείς: Cruz-Uribe, David
Μορφή: Βιβλίο
Γλώσσα:English
Spanish
Δημοσίευση: Providence, Rhode Island : American Mathematical Society, c2001.
Σειρά:Graduate studies in mathematics ; 29
Θέματα:
Ετικέτες: Προσθήκη ετικέτας
Δεν υπάρχουν, Καταχωρήστε ετικέτα πρώτοι!

MARC

LEADER 00000cam a2200000 i 4500
001 1/73237
008 050311s2001 riu| ||| |||| ||eng||
020 |a 0821821725 (hbk.) 
035 |l 10077042 
040 |a GR-MyUA  |b gre  |e AACR2 
041 1 |a eng  |h spa 
082 0 |a 515.2433  |2 (21) 
100 1 |a Duoandikoetxea Zuazo, Javier. 
245 1 0 |a Fourier analysis /   |c Javier Duoandikoetxea ; translated and revised by David Cruz-Uribe.  
260 |a Providence, Rhode Island :   |b American Mathematical Society,   |c c2001.  
300 |a xviii, 222 σ. ;   |b 26 εκ.  
490 1 |a (Graduate studies in mathematics   |v ; 29)  
500 |a Τίτλος πρωτοτύπου: Analisis de Fourier.  
504 |a Περιλαμβάνει βιβλιογραφικές αναφορές και ευρετήριο.  
650 0 0 |a Fourier analysis. 
700 1 |a Cruz-Uribe, David. 
830 0 |a Graduate studies in mathematics ;  |v  29 
852 |a INST  |b CHIOS  |e 20050311  |h 515.2433 DUO  |p 005200021947  |q 005200021947  |t BK  |y 0 
852 |a INST  |b CHIOS  |e 20071204  |h 515.2433 DUO  |p 005200028226  |q 005200028226  |t BK  |y 0 
901 |a BIBL2-2005-1 
901 |a BIBL2-2007-3 
909 |a Χ  |b 112955 
909 |a Χ  |b 140681 
920 |a ΔΙΕΥΡΥΝΣΗ  |b ΕΠΕΑΕΚ-ΤΜΟΔ  |y Χίος  |z 2004-12 
922 |a 2ΕΛΗ  |b 200711  |c ΕΠΕΑΕΚ2/ΤΜΟΔ  |d ΕΛΕΥΘΕΡΟΥΔΑΚΗΣ 
970 |a ΣΑΛΑΜΟΥΡΑ  |b ΜΑΡΙΑ  |z 2005/03/11